| 000 | 01065nam a2200337 i 4500 | ||
|---|---|---|---|
| 001 | 4808 | ||
| 003 | KOSZ 005 | ||
| 005 | 20210202144851.0 | ||
| 008 | 020718s1978 pl a f f |000 0 pol | ||
| 015 | _aPB 2364/78 | ||
| 040 |
_aWA N _cWA N _dKOSZ 005/HR |
||
| 041 | 0 | _apol | |
| 046 | _k1977 | ||
| 080 | _a628.1 | ||
| 080 | _a(075.8) | ||
| 100 | 1 |
_aMielcarzewicz, Edward Włodzimierz _d(1924-2013) _eAutor |
|
| 245 | 1 | 0 |
_aObliczanie systemów zaopatrzenia w wodę / _cEdward Włodzimierz Mielcarzewicz. |
| 260 |
_aWarszawa : _b"Arkady", _c1977. |
||
| 300 |
_a352 s., [8] k. tabl. : _bil. tab. wykr. ; _c25 cm. |
||
| 380 | _aKsiążki | ||
| 388 | _a1901-2000 | ||
| 504 | _aBibliogr. | ||
| 650 | 4 | _aWoda | |
| 650 | 4 | _aZaopatrzenie w wodę | |
| 650 | 4 | _aWodociąg | |
| 655 | 4 | _aPodręczniki akademickie | |
| 658 | _aInżynieria i technika | ||
| 710 | 2 |
_aWydawnictwo Arkady _4pbl. |
|
| 856 |
_uhttp://koha.tu.koszalin.pl/cgi-bin/koha/opac-detail.pl?biblionumber=4808 _yKatalog online BPK |
||
| 942 |
_2UKD _cKS |
||
| 999 |
_c4808 _d4808 |
||